|
|
|
|
| LEADER |
01619nam a2200385 i 4500 |
| 001 |
EBC5205474 |
| 003 |
MiAaPQ |
| 005 |
20200520144314.0 |
| 006 |
m o d | |
| 007 |
cr cnu|||||||| |
| 008 |
180201t20152015xx a o 000 0 cze d |
| 020 |
|
|
|z 9788024632278
|
| 020 |
|
|
|a 9788024632452
|q (electronic bk.)
|
| 035 |
|
|
|a (MiAaPQ)EBC5205474
|
| 035 |
|
|
|a (Au-PeEL)EBL5205474
|
| 035 |
|
|
|a (CaPaEBR)ebr11492888
|
| 035 |
|
|
|a (OCoLC)1017737164
|
| 040 |
|
|
|a MiAaPQ
|b eng
|e rda
|e pn
|c MiAaPQ
|d MiAaPQ
|
| 050 |
|
4 |
|a HD58.8
|b .D336 2015
|
| 082 |
0 |
|
|a 658.406
|2 23
|
| 100 |
1 |
|
|a Dadova, Klara,
|e author.
|
| 245 |
1 |
0 |
|a Subjektivni vnimani telesne zateze /
|c Klara Dadova.
|
| 264 |
|
1 |
|a [Place of publication not identified] :
|b Univerzita Karlova,
|c 2015.
|
| 264 |
|
4 |
|c 2015
|
| 300 |
|
|
|a 1 online resource (125 pages) :
|b illustrations (some color)
|
| 336 |
|
|
|a text
|2 rdacontent
|
| 337 |
|
|
|a computer
|2 rdamedia
|
| 338 |
|
|
|a online resource
|2 rdacarrier
|
| 588 |
|
|
|a Description based on online resource; title from PDF title page (EBC, viewed February 1, 2018).
|
| 590 |
|
|
|a Electronic reproduction. Ann Arbor, MI : ProQuest, 2016. Available via World Wide Web. Access may be limited to ProQuest affiliated libraries.
|
| 650 |
|
0 |
|a Organizational change
|x Management.
|
| 655 |
|
4 |
|a Electronic books.
|
| 776 |
0 |
8 |
|i Print version:
|a Dadova, Klara.
|t Subjektivni vnimani telesne zateze.
|d [Place of publication not identified] : Univerzita Karlova, c2015
|h 122 pages
|z 9788024632278
|
| 797 |
2 |
|
|a ProQuest (Firm)
|
| 856 |
4 |
0 |
|u https://ebookcentral.proquest.com/lib/matrademy/detail.action?docID=5205474
|z Click to View
|